00393nam a22001337a 4500003000500000038001500005082001000020100002000030245008600050260003700136300003100173500001500204600004000219NUST aMr. Zahoor a621.3 aAnaum Saad Khan aEngine Transmission Faults Detection by analyzing Engine Sound /cAnaum Saad Khan aIslamabad :bCEME - NUST,c2014. axi, 33 p. : ill. ;c30 cm. aHardcover. 2Electrical Engineering - MS Thiesis